LEADER 00979nam a2200253 i 4500 001 991004046419707536 005 20020506112547.0 008 000704s1949 it ||| | ita 035 $ab1059176x-39ule_inst 035 $aEXGIL131227$9ExL 040 $aBiblioteca Interfacoltà$bita 082 0 $a110 100 1 $aHegel, Georg Wilhelm Friedrich$0289533 245 12$aI principi di Hegel :$bframmenti giovanili, scritti del periodo jenense prefazione alla fenomenologia /$cintroduzione traduzione e commento di enrico de Negri 260 $aFirenze :$bLa nuova Italia,$c1949 300 $a154 p. 490 0 $aClassici della filosofia 700 1 $aDe Negri, Enrico 907 $a.b1059176x$b23-02-17$c27-06-02 912 $a991004046419707536 945 $aLE002 Fil. X C 33$g1$i2002000532329$lle002$o-$pE0.00$q-$rl$s- $t0$u2$v0$w2$x0$y.i10676430$z27-06-02 996 $aPrincipi di Hegel$9236962 997 $aUNISALENTO 998 $ale002$b01-01-00$cm$da $e-$fita$git $h2$i1 LEADER 01482nam 2200445Ia 450 001 9910697085003321 005 20230902162215.0 035 $a(CKB)5470000002384049 035 $a(OCoLC)690957658 035 $a(EXLCZ)995470000002384049 100 $a20101209d2009 ua 0 101 0 $aeng 135 $auran||||||||| 181 $ctxt$2rdacontent 182 $cc$2rdamedia 183 $acr$2rdacarrier 200 00$aTaxonomy Working Group final report$b[electronic resource] /$fVickie S. Parsons ... [and others] 210 1$aHampton, Va. :$cNational Aeronautics and Space Administration, Langley Research Center,$d[2009] 215 $a1 online resource (51 pages) $cillustrations 225 1 $aNASA/TM- ;$v2009-215750 300 $aTitle from title screen (viewed on Dec. 9, 2010). 300 $a"May 2009." 300 $a"NESC-RP-06-11." 320 $aIncludes bibliographical reference (page 16) 410 0$aNASA technical memorandum ;$v215750. 606 $aTaxonomy$2nasat 606 $aNASA programs$2nasat 606 $aAnomalies$2nasat 615 7$aTaxonomy. 615 7$aNASA programs. 615 7$aAnomalies. 701 $aParsons$b Vickie S$01394367 712 02$aLangley Research Center. 712 02$aNASA Engineering and Safety Center.$bTaxonomy Working Group. 801 0$bGPO 801 1$bGPO 906 $aBOOK 912 $a9910697085003321 996 $aTaxonomy Working Group final report$93451594 997 $aUNINA